书目信息 |
| 题名: |
圣彼得堡文学地图
|
|
| 作者: | 伍德沃斯 , 理查兹 著 ;李巧慧 , 王志坚 译 | |
| 分册: | ||
| 出版信息: | 上海 上海交通大学出版社 2017 |
|
| 页数: | 181页 | |
| 开本: | 19cm | |
| 丛书名: | ||
| 单 册: | ||
| 中图分类: | I512.09 | |
| 科图分类: | ||
| 主题词: | 俄罗斯文学--文学史 | |
| 电子资源: | ||
| ISBN: | 978-7-313-17385-0 | |
| 000 | 01085nam0 2200277 450 | |
| 001 | 5258 | |
| 005 | 20180528180810.39 | |
| 010 | @a978-7-313-17385-0@b精装@dCNY48.00 | |
| 100 | @a20171116d2017 em y0chiy50 ea | |
| 101 | 1 | @achi@ceng |
| 102 | @aCN@b310000 | |
| 105 | @aab z 000yy | |
| 200 | 1 | @a圣彼得堡文学地图@9sheng bi de bao wen xue di tu@dBloom's literary places: Saint Petersburg@f布拉德利·伍德沃斯,康斯坦斯·理查兹著@g李巧慧,王志坚译@zeng |
| 210 | @a上海@c上海交通大学出版社@d2017 | |
| 215 | @a181页@c图@d19cm | |
| 300 | @a布鲁姆文学地图 | |
| 330 | @a本书将历史、地理、人文与文学融为一本,追溯城市和文学的发展轨迹,探讨环境和作家的关联,展示了彼得堡迷人的文化景观和辉煌的文学成就。 | |
| 510 | 1 | @aBloom's literary places: Saint Petersburg@zeng |
| 606 | 0 | @a俄罗斯文学@x文学史 |
| 690 | @aI512.09@v5 | |
| 701 | 0 | @a伍德沃斯@9wu de wo si@c(Woodwort, B. D.)@4著 |
| 701 | 0 | @a理查兹@9li cha zi@c(Richards, C. E.)@4著 |
| 702 | 0 | @a李巧慧@9li qiao hui@4译 |
| 702 | 0 | @a王志坚@9wang zhi jian@4译 |
| 801 | 0 | @aCN@b91MARC@c20171116 |
| 905 | @aMuseLib@dI512.09@e669 | |
| 圣彼得堡文学地图=Bloom's literary places: Saint Petersburg/布拉德利·伍德沃斯,康斯坦斯·理查兹著/李巧慧,王志坚译.-上海:上海交通大学出版社,2017 |
| 181页:图;19cm |
| 布鲁姆文学地图 |
| ISBN 978-7-313-17385-0(精装):CNY48.00 |
| 本书将历史、地理、人文与文学融为一本,追溯城市和文学的发展轨迹,探讨环境和作家的关联,展示了彼得堡迷人的文化景观和辉煌的文学成就。 |
| ● |
| 相关链接 |
|
|
|
|
正题名:圣彼得堡文学地图
索取号:I512.09/669
 
预约/预借
| 序号 | 登录号 | 条形码 | 馆藏地/架位号 | 状态 | 备注 |
| 1 | 1112599 | 211125995 | 第一样本阅览室/ [索取号:I512.09/669] | 在馆 | |
| 2 | 1112600 | 211126002 | 教育系资料室/ [索取号:I512.09/669] | 在馆 | |
| 3 | 1112601 | 211126011 | 教育系资料室/ [索取号:I512.09/669] | 在馆 | |
| 4 | 1112602 | 211126020 | 第二借阅区/ [索取号:I512.09/669] | 在馆 |